<?xml version="1.0" encoding="UTF-8"?>
<record
    xmlns:xsi="http://www.w3.org/2001/XMLSchema-instance"
    xsi:schemaLocation="http://www.loc.gov/MARC21/slim http://www.loc.gov/standards/marcxml/schema/MARC21slim.xsd"
    xmlns="http://www.loc.gov/MARC21/slim">

  <leader>00851nam a22001937a 4500</leader>
  <controlfield tag="005">20150226174711.0</controlfield>
  <datafield tag="010" ind1=" " ind2=" ">
    <subfield code="a">B-591393</subfield>
  </datafield>
  <datafield tag="020" ind1=" " ind2=" ">
    <subfield code="c">675.00</subfield>
  </datafield>
  <datafield tag="035" ind1=" " ind2=" ">
    <subfield code="a">B-591393</subfield>
  </datafield>
  <datafield tag="037" ind1=" " ind2=" ">
    <subfield code="b">UBH</subfield>
  </datafield>
  <datafield tag="082" ind1=" " ind2=" ">
    <subfield code="a">000</subfield>
  </datafield>
  <datafield tag="245" ind1=" " ind2=" ">
    <subfield code="a">Kiran's SBI PO online exam State Bank of India and State Bank Associates probationary officer online exam/</subfield>
  </datafield>
  <datafield tag="260" ind1=" " ind2=" ">
    <subfield code="a">New Delhi</subfield>
    <subfield code="b">Kiran Prakashan</subfield>
    <subfield code="c">2015</subfield>
  </datafield>
  <datafield tag="270" ind1=" " ind2=" ">
    <subfield code="a">RU-67, Pitampura,</subfield>
    <subfield code="b"> Delhi</subfield>
    <subfield code="e">110034</subfield>
    <subfield code="k">011-27345258, 27342249</subfield>
  </datafield>
  <datafield tag="300" ind1=" " ind2=" ">
    <subfield code="a">vp</subfield>
    <subfield code="c">28cm(pbk)</subfield>
  </datafield>
  <datafield tag="500" ind1=" " ind2=" ">
    <subfield code="a">self study guide-cum-practice work book. Advice-cum-detailed study material on all the subjects of the exam(both objective  &amp; descriptive type tests.</subfield>
  </datafield>
  <datafield tag="942" ind1=" " ind2=" ">
    <subfield code="2">ddc</subfield>
    <subfield code="c">EN</subfield>
    <subfield code="h">000</subfield>
    <subfield code="m">KIR</subfield>
  </datafield>
  <datafield tag="999" ind1=" " ind2=" ">
    <subfield code="c">91973</subfield>
    <subfield code="d">91973</subfield>
  </datafield>
  <datafield tag="952" ind1=" " ind2=" ">
    <subfield code="0">0</subfield>
    <subfield code="1">0</subfield>
    <subfield code="4">0</subfield>
    <subfield code="7">0</subfield>
    <subfield code="8">NFIC</subfield>
    <subfield code="a">ZLS</subfield>
    <subfield code="b">ZLS</subfield>
    <subfield code="d">2015-02-26</subfield>
    <subfield code="e"> UBH/227/20.12.14/DPL/ZLS/RP/2014-15/3/15/8.12.14/20.1.15 </subfield>
    <subfield code="g">675.00</subfield>
    <subfield code="l">0</subfield>
    <subfield code="o">000 KIR</subfield>
    <subfield code="p">B-591393</subfield>
    <subfield code="r">2015-02-26 00:00:00</subfield>
    <subfield code="t">1</subfield>
    <subfield code="v">675.00</subfield>
    <subfield code="w">2015-02-26</subfield>
    <subfield code="y">EN</subfield>
  </datafield>
</record>
